<?xml version="1.0" encoding="UTF-8"?>
<collection xmlns="http://www.loc.gov/MARC21/slim">
 <record>
  <leader>00598pamaa2200157   4500</leader>
  <controlfield tag="001">0000034345</controlfield>
  <controlfield tag="005">20110105090000.0</controlfield>
  <datafield tag="020" ind1="0" ind2="0">
   <subfield code="a">8178080745 (pbk) / 0201596237 (pbk) </subfield>
  </datafield>
  <datafield tag="082" ind1=" " ind2=" ">
   <subfield code="a">621.367 EFF</subfield>
  </datafield>
  <datafield tag="090" ind1="0" ind2="0">
   <subfield code="a">TA1637 </subfield>
   <subfield code="b">EFF 2000</subfield>
  </datafield>
  <datafield tag="100" ind1="1" ind2="0">
   <subfield code="a">EFFORD </subfield>
  </datafield>
  <datafield tag="245" ind1="1" ind2="0">
   <subfield code="a">Digital image processing : </subfield>
   <subfield code="b">a practical introduction using java  </subfield>
   <subfield code="c">Nick Efford.</subfield>
  </datafield>
  <datafield tag="260" ind1="0" ind2="0">
   <subfield code="a">Harlow,England: </subfield>
   <subfield code="b">Addison-Wesley, </subfield>
   <subfield code="c">2000.</subfield>
  </datafield>
  <datafield tag="300" ind1=" " ind2=" ">
   <subfield code="a">xxiii, 340p.: </subfield>
   <subfield code="b">ill.; </subfield>
   <subfield code="c">24cm.</subfield>
  </datafield>
  <datafield tag="500" ind1="0" ind2="0">
   <subfield code="a">Includes 1 CD-ROM titled &quot; CD to accompany Digital Image processing a Practical Introduction Using Java &quot;</subfield>
  </datafield>
  <datafield tag="650" ind1="0" ind2="0">
   <subfield code="a">Image processing -- </subfield>
   <subfield code="x">Digital techniques </subfield>
  </datafield>
 </record>
</collection>
